Normal view
MARC view
- Singh, Khushwant
Entry Personal Name
001 - CONTROL NUMBER
- control field: 17337
003 - CONTROL NUMBER IDENTIFIER
- control field: NUST
005 - DATE AND TIME OF LATEST TRANSACTION
- control field: 20190710113133.0
008 - FIXED-LENGTH DATA ELEMENTS
- fixed length control field: 190710|| aca||aabn | a|a d
040 ## - CATALOGING SOURCE
- Original cataloging agency: NUST
- Transcribing agency: NUST
100 ## - HEADING--PERSONAL NAME
- Personal name: Singh, Khushwant
670 ## - SOURCE DATA FOUND
- Source citation: Work cat.: (NUST): Singh, Khushwant, Such Mohabbat Aur Zara Sa Kina \, 2016.
